000
00291nam a2200121Ia 4500
008
220204s9999 xx 000 0 und d
082
_a
547
_b
BAI
100
_a
Bailey, Christina A
245
0
_a
Organic chemistry
260
_a
Boston
_b
Allyn;1978
700
_a
Bailey, Philip S
942
_c
BK
999
_c
34455
_d
34455